Bulletin ornithologique romand.

Saved in:
Bibliographic Details
Corporate Author: Société romande pour l'étude et la protection des oiseaux.
Format: Journal
Language:French
Published: Genève : Nos oiseaux : Société romande pour l'étude et la protection des oiseaux, 1932-
Subjects:
Tags: Add Tag
No Tags, Be the first to tag this record!
LEADER 00705nas a2200217Ia 4500
001 003473156-3
005 20020606093309.7
008 920429u19329999sz ar p b 0 b0fre d
035 0 |a ocm25733112 
040 |a SMI  |c SMI  |d HMZ 
090 |a QL671  |b .B936sr 
245 0 0 |a Bulletin ornithologique romand. 
260 |a Genève :  |b Nos oiseaux :  |b Société romande pour l'étude et la protection des oiseaux,  |c 1932- 
300 |a v. :  |b ill., ports. ;  |c 23 cm. 
362 0 |a t. 1, fasc. 1 (août, 1932)- 
500 |a Title from cover. 
515 |a No more published. 
650 0 |a Ornithology  |v Periodicals. 
710 2 |a Société romande pour l'étude et la protection des oiseaux. 
988 |a 20020608 
906 |0 OCLC